Role of the Coast Guard in the Maritime Security of India (Record no. 220764)

MARC details
000 -LEADER
fixed length control field 01040nam a22002537a 4500
005 - DATE AND TIME OF LATEST TRANSACTION
control field 20211124150801.0
008 - FIXED-LENGTH DATA ELEMENTS--GENERAL INFORMATION
fixed length control field 211124b ||||| |||| 00| 0 eng d
020 ## - INTERNATIONAL STANDARD BOOK NUMBER
International Standard Book Number 8187966289
040 ## - CATALOGING SOURCE
Transcribing agency AL
041 ## - LANGUAGE CODE
Language code of text/sound track or separate title eng
082 ## - DEWEY DECIMAL CLASSIFICATION NUMBER
Edition number 23
Classification number 359.790
Item number PALR
100 ## - MAIN ENTRY--PERSONAL NAME
Personal name Prabhakaran Paleri
9 (RLIN) 10819
245 ## - TITLE STATEMENT
Title Role of the Coast Guard in the Maritime Security of India
260 ## - PUBLICATION, DISTRIBUTION, ETC.
Place of publication, distribution, etc. New Delhi
Name of publisher, distributor, etc. Knowledge World
Date of publication, distribution, etc. 2004
300 ## - PHYSICAL DESCRIPTION
Extent xii,377 p.
Other physical details HB
Dimensions 24x16 cm.
365 ## - TRADE PRICE
Price amount 650.00
Currency code
Unit of pricing 650.00
520 ## - SUMMARY, ETC.
Summary, etc. Book Summary of Role Of The Coast Guard In The Maritime Security Of India The coastguards have the capability to elevate the maritime standing of a littoral state in today's world, and also, to build international goodwill by cooperative engagement in humaritarian activities, and international law and treaty obligations.
650 ## - SUBJECT ADDED ENTRY--TOPICAL TERM
Topical term or geographic name entry element Sea Forces
9 (RLIN) 10820
650 ## - SUBJECT ADDED ENTRY--TOPICAL TERM
Topical term or geographic name entry element National Security
9 (RLIN) 10821
650 ## - SUBJECT ADDED ENTRY--TOPICAL TERM
Topical term or geographic name entry element Blue Waters
9 (RLIN) 10822
650 ## - SUBJECT ADDED ENTRY--TOPICAL TERM
Topical term or geographic name entry element Indian Coast Guard
9 (RLIN) 10823
700 ## - ADDED ENTRY--PERSONAL NAME
Personal name PALERI (Prabhakarn)
9 (RLIN) 10824
942 ## - ADDED ENTRY ELEMENTS (KOHA)
Source of classification or shelving scheme Dewey Decimal Classification
Koha item type George Fernandes Collections

No items available.